Pokémon - Attacken von Mauzinger in KA/PU - Statistiken

Allgemein
  • Dieses Quiz wurde 2 mal gespielt
  • Das Durchschnittsergebnis liegt bei 34 aus 74
Antwortstatistiken
Antwort % Korrekt
Aero-Ass
100%
Bodycheck
100%
Charme
100%
Donner
100%
Donnerblitz
100%
Dunkelklaue
100%
Eisenabwehr
100%
Eisenschädel
100%
Finsteraura
100%
Heuler
100%
Hyperstrahl
100%
Kalte Dusche
100%
Metallklaue
100%
Raub
100%
Regentanz
100%
Schaufler
100%
Sonnentag
100%
Spukball
100%
Stahlstrahl
100%
Abschlag
50%
Ausdauer
50%
Bodyslam
50%
Delegator
50%
Durchbruch
50%
Erholung
50%
Fassade
50%
Fluch
50%
Frustventil
50%
Gigastoß
50%
Groll
50%
Gyroball
50%
Kehrtwende
50%
Knirscher
50%
Knuddler
50%
Kratzer
50%
Kratzfurie
50%
Kreuzschere
50%
Lichtkanone
50%
Metallsound
50%
Mülltreffer
50%
Neck Strike
50%
Risikotackle
50%
Schleuder
50%
Schlitzer
50%
Schmarotzer
50%
Schutzschild
50%
Tarnsteine
50%
Tera-Ausbruch
50%
Wegbereiter
50%
Amnesie
0%
Angeberei
0%
Bezirzer
0%
Dreschflegel
0%
Fuchtler
0%
Klauenwetzer
0%
Kreideschrei
0%
Metallstoß
0%
Metronom
0%
Mogelhieb
0%
Nachthieb
0%
Nahkampf
0%
Notsituation
0%
Rammboss
0%
Ränkeschmied
0%
Rechte Hand
0%
Samenbomben
0%
Schallwelle
0%
Schlafrede
0%
Schwerttanz
0%
Stafette
0%
Trugschlag
0%
Trugträne
0%
Verhöhner
0%
Zahltag
0%
Keine übereinstimmenden Quizze gefunden
Verteilung der Resultate
Anzahl Personen mit jedem Resultat
Perzentil nach korrekt beantworteten Fragen
Ihre Resultats-Entwicklung
Sie haben dieses Quiz noch nicht gespielt